LEADER 00979nam0-22003251--450- 001 990008141090403321 005 20060201102056.0 035 $a000814109 035 $aFED01000814109 035 $a(Aleph)000814109FED01 035 $a000814109 100 $a20050704d1961----km-y0itay50------ba 101 0 $ager 102 $aDE 105 $ay---n---001yy 200 1 $a<>Aussenpolitik des Augustus und die augusteische Dichtung$fvon Hans D. Meyer 210 $aKöln, Graz$cBöhlau$d1961 215 $a108 p.$d24 cm 225 1 $aKölner historische Abhandlungen ...$v5 676 $a304.5$v11 rid.$zita 700 1$aMeyer,$bHans Dieter$0392585 801 0$aIT$bUNINA$gRICA$2UNIMARC 901 $aBK 912 $a990008141090403321 952 $aDDR-XX Dc I 066$b17 ddr$fDDR$m21-7225 952 $aXXI Collez. 94 (5)$b70559$fFGBC 959 $aDDR 959 $aFGBC 996 $aAussenpolitik des Augustus und die augusteische Dichtung$9756589 997 $aUNINA LEADER 01080nam--2200349---450- 001 990002050320203316 005 20090610115744.0 035 $a000205032 035 $aUSA01000205032 035 $a(ALEPH)000205032USA01 035 $a000205032 100 $a20041004d1973----km-y0itay0103----ba 101 $aita 102 $aIT 105 $a||||||||001yy 200 1 $aManuale di contabilita di Stato$econ riferimenti all'ordinamento contabile delle regioni, delle province, dei comuni e di altri enti pubblici$fAntonio Bennati 205 $a7. ed. 210 $aNapoli$cJovene$d1973 215 $aXXXI, 685 p.$d24 cm 410 0$12001 454 1$12001 461 1$1001-------$12001 700 1$aBENNATI,$bAntonio$07326 801 0$aIT$bsalbc$gISBD 912 $a990002050320203316 951 $aXXIV.3.R 25 (IG V 174)$b35236 G.$cXXIV.3.R 25 (IG V)$d00172915 959 $aBK 969 $aGIU 979 $aSIAVPROV$b10$c20041004$lUSA01$h1811 979 $aRSIAV5$b90$c20090610$lUSA01$h1157 996 $aManuale di contabilità di Stato$963525 997 $aUNISA